US Presidents Inaugurated in March Quiz Stats

 Plays Quiz not verified by Sporcle

Support Sporcle.
Go Orange.
Score 0/27 Timer 03:00
0 Plays Today
% Correct
John Adams
100%
James Monroe
100%
Martin Van Buren
100%
James Buchanan
100%
Abraham Lincoln
100%
Rutherford B. Hayes
100%
Theodore Roosevelt
100%
George Washington
91.7%
Thomas Jefferson
91.7%
John Quincy Adams
91.7%
William Henry Harrison
91.7%
Ulysses S. Grant
91.7%
Benjamin Harrison
91.7%
James Madison
83.3%
% Correct
Andrew Jackson
83.3%
James Polk
83.3%
Zachary Taylor
83.3%
William McKinley
83.3%
William Howard Taft
83.3%
Warren G. Harding
83.3%
Calvin Coolidge
83.3%
Franklin Pierce
75%
James Garfield
75%
Grover Cleveland
75%
Woodrow Wilson
75%
Franklin Roosevelt
75%
Herbert Hoover
58.3%

You're not logged in!

Compare scores with friends on all Sporcle quizzes.
OR
Log In

From the Vault

Beatles Songs: First Words

by manonthemoon

When we actually think about the words of Beatles songs, we get confused.
Remove Ads.
Support Sporcle.
Get the best of Sporcle when you Go Orange. This ad-free experience offers more features, more stats, and more fun while also helping to support Sporcle. Thank you for becoming a member.

Show Comments

Extras

Top Quizzes Today


Score Distribution

Your Account Isn't Verified!

In order to create a playlist on Sporcle, you need to verify the email address you used during registration. Go to your Sporcle Settings to finish the process.

Report this User

Report this user for behavior that violates our Community Guidelines.

Details: